'S' Movies by Picture II Quiz Stats

 Plays Quiz Updated Jun 18, 2017

Support Sporcle.
Go Orange.
Score 0/20 Timer 05:00
4 Plays Today
% Correct
Shrek
99.5%
Spider-Man
97.9%
School of Rock
93%
The Sound of Music
88.3%
The Sixth Sense
84.2%
Speed
82.5%
Sister Act 2
81.5%
Saturday Night Fever
80.8%
The Shining
78.5%
Scream
76.2%
% Correct
The Sword in the Stone
73.8%
Step-Brothers
73.5%
Shark Tale
72.7%
Superbad
71.2%
Se7en
68.8%
The Sandlot
68.1%
Stripes
47.5%
Say Anything...
44.9%
Serpico
43.7%
Spirited Away
33.2%

You're not logged in!

Compare scores with friends on all Sporcle quizzes.
OR
Log In
Forgot?

From the Vault

Whose View Is It Anyway?

by WillieG

Some of these occupations have some pretty nice views.
Remove Ads.
Support Sporcle.
Get the best of Sporcle when you Go Orange. This ad-free experience offers more features, more stats, and more fun while also helping to support Sporcle. Thank you for becoming a member.

Show Comments

Extras

Top Quizzes Today


Score Distribution

Your Account Isn't Verified!

In order to create a playlist on Sporcle, you need to verify the email address you used during registration. Go to your Sporcle Settings to finish the process.

Report this User

Report this user for behavior that violates our Community Guidelines.

Details: